000 00342nam a2200145Ia 4500
008 191201s2011 xx 000 0 und d
082 _a658.007
_bCHR
100 _aCHAWLA,Deepak
245 0 _aResearch Methodology
250 _a1st
260 _aN. Delhi
_bVikas Publication House
_c2011
300 _a670
650 _aMBA
942 _2ddc
_cBK
999 _c5197
_d5197